| 000 | 00360nam a2200133Ia 4500 | ||
|---|---|---|---|
| 008 | 191201s2019 xx 000 0 und d | ||
| 082 |
_a006.33 _bLUA |
||
| 100 | _aLUGER, George F | ||
| 245 | 0 | _aArtificial Intelligence: Structures and Strategies for Complex Problem Solving | |
| 260 |
_aNew Delhi _bPearson |
||
| 300 | _a903 | ||
| 650 | _aMCA | ||
| 942 |
_2ddc _cBK |
||
| 999 |
_c6253 _d6253 |
||